• 首页
  • 本馆介绍
  • 公告通知
  • 最新文献
  • 馆藏检索
  • 电子资源
  • 读者导购
  • 参考咨询
  • 我的图书馆
  • 登录
  • 详细信息显示
  • 放入我的书架
  • 预约/预借图书
  • 作者相关作品
  • 分类相关作品
  • 丛书相关作品
  • 出版社相关作品

书目信息

  • 表格格式
  • 工作单格式
  • 卡片格式
题名:
地形测量控制计算手册
    
 
作者: ;首都钢铁公司工程处测量队 编
分册:  
出版信息: 北京   测绘出版社  1980
页数: 260页
开本: 25cm
丛书名:
单 册:
中图分类: P217-62
科图分类:
主题词: 地形测量-控制测量--计算方法--手册 , 控制测量-地形测量--计算方法--手册
电子资源:
ISBN:
000 00760nam0 2200241 45
001 0180005189
005 20060809104442.23
010    @d¥1.70
091    @aCN@b15039.新149
100    @a19950606d1980 em y0chiy0121 ea
101 0  @achi
102    @aCN@b110000
105    @ay z 000yy
200 10 @a地形测量控制计算手册@Adi xing ce liang kong zhi ji suan shou ce@f首都钢铁公司工程处测量队编
210    @a北京@c测绘出版社@d1980
215    @a260页@d25cm
606    @a地形测量-控制测量@x计算方法@x手册
606    @a控制测量-地形测量@x计算方法@x手册
690    @aP217-62@v3
711 02 @a首都钢铁公司工程处测量队@Ashou du gang tie gong si gong cheng chu ce liang dui@4编
801  2 @aCN@bNLC@c20060809
801  0 @aCN@bTSSF
905    @a10447@dP217-62@e120
    
    地形测量控制计算手册/首都钢铁公司工程处测量队编.-北京:测绘出版社,1980
    260页;25cm
    
    
    ISBN :¥1.70
    
●
相关链接 在E读中查询图书 在五车中查询图书 在当当中查询图书 在豆瓣中查询图书


正题名:地形测量控制计算手册     索取号:P217-62/120         预约/预借

序号 登录号 条形码 馆藏地/架位号 状态 备注
1 0451886   204518860   密集书库/ [索取号:P217-62/120] 在馆    
2 0451887   204518879   密集书库/ [索取号:P217-62/120] 在馆    
3 0451888   204518888   密集书库/ [索取号:P217-62/120] 在馆    
4 0451889   204518897   密集书库/ [索取号:P217-62/120] 在馆    
5 0451890   204518904   密集书库/ [索取号:P217-62/120] 在馆    
唐山师范学院图书馆 欢迎您!
大连网信软件有限公司© 版权所有